000 01380nam a2200253Ia 4500
003 Ost
005 20260507075042.0
008 260507s9999||||xx |||||||||||||| ||und||
040 _cfsecg
041 _aara
082 _a330
100 _aالحناوي، محمد صالح
_eمؤلف
245 0 _aالاستثمار في الأوراق المالية /
_c محمد صالح الحناوي
260 _aالاسكندرية:
_bالدار الجامعية,
_c2003
300 _a478 صفحة؛
_bإيضاحات ؛
_c24 سم
504 _a ببلوغرافيا ص.475
520 _aأساسيات الاستثمار في الأوراق المالية،شراء وبيع الأوراق المالية،التحليل المالي للأسهم العادية،أساسيات التحليل الفني،تقييم الأسهم العادية،تحليل السندات،نموذج تسعير الأصول الرأسمالية،أساسيات محفظة الأوراق المالية وتقييم الأداء،حقوق الإختيار،الاستثمار في أسواق المالية العالمية،الإستثمار عبر الأنترنيت
653 _aالاستثمار
653 _aالأسهم
653 _aالأوراق المالية
653 _aالسندات
700 _aنهال، فريد مصطفى
_eمؤلف ثانوي
942 _cكتاب
999 _c42523
_d42523